World Of Warcraft Classes - Statistics

General Stats
  • This quiz has been taken 3,237 times
    3,236 since last reset
  • The average score is 9 of 10
Answer Stats
Answer % Correct
Mage
98%
Warrior
98%
Paladin
96%
Hunter
95%
Priest
94%
Warlock
93%
Rogue
91%
Druid
90%
Death Knight
89%
Shaman
89%
No matching quizzes found
Score Distribution
Percent of People with Each Score
Percentile by Number Answered
Your Score History
You have not taken this quiz since the last reset